ბათუმის შოთა რუსთაველის სახელმწიფო უნივერსიტეტის ბიბლიოთეკა

უცხო : რომანი (ბიბ.ჩანაწერი № 49313)

000 -LEADER
fixed length control field 00651nam a2200229Ia 4500
001 - CONTROL NUMBER
control field 16229
003 - CONTROL NUMBER IDENTIFIER
control field GE_BSU
008 - FIXED-LENGTH DATA ELEMENTS--GENERAL INFORMATION
fixed length control field 181216s||||||||xx |||||||||||||| ||und||
020 ## - INTERNATIONAL STANDARD BOOK NUMBER
International Standard Book Number ISBN 978-9941-9236-8-5
040 ## - CATALOGING SOURCE
Transcribing agency GE_BSU
100 ## - MAIN ENTRY--PERSONAL NAME
Personal name კამიუ, ალბერ
245 ## - TITLE STATEMENT
Title უცხო : რომანი
245 ## - TITLE STATEMENT
Statement of responsibility, etc. ფრანგ. თარგმნა გურანდა დათაშვილმა
260 ## - PUBLICATION, DISTRIBUTION, ETC.
Place of publication, distribution, etc. თბილისი
260 ## - PUBLICATION, DISTRIBUTION, ETC.
Name of publisher, distributor, etc. აგორა
260 ## - PUBLICATION, DISTRIBUTION, ETC.
Date of publication, distribution, etc. 2012
300 ## - PHYSICAL DESCRIPTION
Extent 208გვ;17სმ.
653 ## - INDEX TERM--UNCONTROLLED
Uncontrolled term რომანი
653 ## - INDEX TERM--UNCONTROLLED
Uncontrolled term უცხო
942 ## - ADDED ENTRY ELEMENTS (KOHA)
Koha item type წიგნი
ეგზემპლარები
Withdrawn status Lost status Damaged status Not for loan Date acquired Barcode Date last seen Price effective from Koha item type
        2018-12-17 40124 2018-12-17 2018-12-17 წიგნი
        2018-12-17 40125 2018-12-17 2018-12-17 წიგნი
        2018-12-17 40126 2018-12-17 2018-12-17 წიგნი
        2018-12-17 40127 2018-12-17 2018-12-17 წიგნი
        2018-12-17 40128 2018-12-17 2018-12-17 წიგნი